000 00598nam a2200181Ia 4500
008 090630s9999 xx 000 0 und d
082 _b23295
100 _aवैद्य सुरेश.
245 _aवळणावरचं वय.
_cवैद्य सुरेश.
260 _bगीता एजन्सीज.
_c2004
300 _a200
600 _aवैद्य सुरेश.
630 _aवळणावरचं वय.
655 _aकादंबरी.
700 _aवैद्य सुरेश.
730 _aवळणावरचं वय.
942 _cBOOK
999 _c275151
_d275151